000 00779cab a2200241 4500
001 ABS50737
008 090401t1994 xxu||||| |||| 00| 0 eng d
035 _a(Sirsi) u31153
041 _aeng
100 _aFyson, A.
245 _aWidening issues in the wake of PPG3
260 _c1994
350 _a0
490 _aPlanning Week
_v2(17) 28 April 1994, 10(1)
520 _aDiscusses the issues of housing costs and patterns of tenure, introduced as planning considerations by planning guidance PPG3. Touches also on European guidance and research into new settlements.
650 _aHOUSING DEVELOPMENT
650 _aPLANNING POLICY
650 _aPPG3
690 _aHOUSING-DEVELOPMENT
690 _aPLANNING LAW AND PRACTICE
942 _n0
948 _c04/03/1997
999 _c20927
_d20927